Encyclopedia of paleoclimatology and ancient environments /

Bibliographic Details
Corporate Author: SpringerLink (Online service)
Other Authors: Gornitz, Vivien
Format: eBook
Language:English
Published: Dordrecht, Netherlands : Springer, [2009]
Series:Encyclopedia of earth sciences series (Springer (Firm))
Subjects:
Online Access:Connect to the full text of this electronic book

MARC

Tag First Indicator Second Indicator Subfields
LEADER 00000cam a2200000Ia 4500
001 in00002452247
005 20210727085721.0
006 m d
007 cr cn|||||||||
008 090415s2009 ne ab sbe 001 0 eng d
020 |a 1402044119 
020 |a 9781402044113 
035 |a (OCoLC)318545637 
035 |a (OCoLC)ocn318545637 
035 |a 3172692 
037 |a 978-1-4020-4551-6  |b Springer  |n http://www.springerlink.com 
040 |a GW5XE  |b eng  |c GW5XE  |d UtOrBLW 
049 |a TEFA 
050 1 4 |a QC884  |b .E53 2009 
082 0 4 |a 551.6090103  |2 22 
245 0 0 |a Encyclopedia of paleoclimatology and ancient environments /  |c edited by Vivien Gornitz. 
246 3 0 |a Paleoclimatology and ancient environments 
264 1 |a Dordrecht, Netherlands :  |b Springer,  |c [2009] 
264 4 |c ©2009 
300 |a xxiv, 1047 pages :  |b illustrations (some color), maps (some color) ;  |c 29 cm. 
336 |a text  |b txt  |2 rdacontent 
337 |a computer  |b c  |2 rdamedia 
338 |a online resource  |b cr  |2 rdacarrier 
490 1 |a Encyclopedia of earth sciences series 
500 |a Electronic resource. 
504 |a Includes bibliographical references and index. 
533 |a Electronic reproduction.  |b New York :  |c Springer,  |d 2009.  |n Mode of access: World Wide Web.  |n System requirements: Web browser.  |n Title from title screen (viewed on Apr. 6, 2009).  |n Access may be restricted to users at subscribing institutions. 
650 0 |a Paleoclimatology  |v Encyclopedias. 
655 7 |a Electronic books.  |2 local 
700 1 |a Gornitz, Vivien.  |0 http://id.loc.gov/authorities/names/n78049897 
710 2 |a SpringerLink (Online service)  |0 http://id.loc.gov/authorities/names/no2005046756 
776 1 |c Original  |z 9781402045516  |z 1402045514  |w (DLC) 2008934597  |w (OCoLC)244314674 
830 0 |a Encyclopedia of earth sciences series (Springer (Firm))  |0 http://id.loc.gov/authorities/names/nr2005022095 
856 4 0 |u http://proxy.library.tamu.edu/login?url=https://dx.doi.org/10.1007/978-1-4020-4411-3  |z Connect to the full text of this electronic book  |t 0 
994 |a C0  |b TEF 
999 |a MARS 
999 f f |s 89cb90bc-9071-3119-9c32-fb13987d8633  |i d4861dbb-8d24-3372-8e1a-d98a4f5d7e64  |t 0 
952 f f |a Texas A&M University  |b College Station  |c Electronic Resources  |d Available Online  |t 0  |e QC884 .E53 2009  |h Library of Congress classification 
998 f f |a QC884 .E53 2009  |t 0  |l Available Online